000 00450nam a2200169 a 4500
001 44814
005 20180714023807.0
008 140415s1985 000 0 spa d
020 _a0256031428
041 _aspa
082 _a658.407
_bSAT
100 1 _aSATHE, VIJAY
245 1 0 _aCULTURE AND RELATED CORPORATE REALITIES
260 _a[s.l.] :
_bRICHARD D. IRWIN,
_c1985
300 _a579
650 1 4 _aADMINISTRACION
_xEJECUTIVOS
999 _c44814
_d44814